000 00518cam a2200205ua 4500
001 6452
008 131210n ii |||gr||||Z||||||eng
020 _a81-7663-434-4
040 _cMAIN
082 _a332.1
245 _aBanking law & practice
_cBy S.N. Maheswari
250 _a10th rev. ed.
260 _aLudhiana:
_bKalyani publishers,
_c1979.
300 _axvii,838p.
653 _aCommerce
653 _aBanking law
700 _aMaheswari,S.N.,
_eAuthor.,
700 1 _aMaheswari,S.K.,
_eAuthor.
942 _cBK
999 _c5601
_d5601